000
00265nam a2200085Ia 4500
245
0
_a
The Gale encyclopedia of the unusual and unexplained. Volume 1
100
_a
STEIGER, Brad Detroit, 2003
_9
78587
942
_c
BK
008
210817s9999 xx 000 0 und d
999
_c
271893
_d
271892